00433nmm a2200133Ia 4500008004100000020001800041041000800059100002200067245005300089264005800142300001800200650003000218856005100248251105s9999||||xx |||||||||||||||||und|| a9789875914520 aspa aCristiano, Javier 0aLo instituyente : escritos sobre teoría social a[Buenos Aires, Argentina] :bEditorial Brujas, c2014 a258 páginas aSocial Sciences (General) uhttps://public.digitaliapublishing.com/a/35417